01162nam a2200265 a 450000100100000000500170001000800410002704000250006808200150009324501030010826000540021130000170026549000530028250400370033559000760037265000310044870000240047970000320050370000270053570000250056283000600058791000390064795201930068699900170087900003535220250611121345.0111027s1964 fr a 000 0 spa d aDO-SdBNPbspacBNPHU a302bD245t00aTraité de psychologie sociale /cRoger Daval, Francois Bourricaud, Yves Delamotte, Roland Doron. aParis :bPresses Universitaires de France,c1964. av. :b20 cm.1 aLogos : introduction aux études philosophiques aBibliografía: v. 2, p. 485-497 aPerteneció a la biblioteca personal de Juan Isidro Jimenes Grullón. 0aPsicología social 9157412aDaval, Roger96114212aBourricaud, Francois96114312aDelamotte, Yves96114412aDoron, Roland961145 0aLogos : Introduction aux études philosophiques961146 aValidado. Control de calidad BNPHU 001050718RVaGRbGRcHDd2011-10-27iLF1l0o302 D245t | v. 2p35352-10r2020-06-25w2020-06-25y1zPerteneció a la biblioteca personal de Juan Isidro Jimenes- GrullónZNo se presta c34843d34843